Engaging the online learner : activities and resources for creative instruction (Record no. 12831)

000 -LEADER
fixed length control field 00389nam a22001337a 4500
020 ## - INTERNATIONAL STANDARD BOOK NUMBER
International Standard Book Number 9781118018194
082 ## - DEWEY DECIMAL CLASSIFICATION NUMBER
Classification number 371.3344678 CON
100 ## - MAIN ENTRY--PERSONAL NAME
Personal name Conrad, Rita-Marie
245 ## - TITLE STATEMENT
Title Engaging the online learner : activities and resources for creative instruction
260 ## - PUBLICATION, DISTRIBUTION, ETC.
Place of publication, distribution, etc. USA
Name of publisher, distributor, etc. Jossey-Bass
Date of publication, distribution, etc. 2011
300 ## - PHYSICAL DESCRIPTION
Extent xi, 139p.:
Accompanying material 22 cm
650 ## - SUBJECT ADDED ENTRY--TOPICAL TERM
Topical term or geographic name entry element Computer-assisted instruction
942 ## - ADDED ENTRY ELEMENTS (KOHA)
Koha item type Book
Holdings
Withdrawn status Lost status Damaged status Not for loan Collection code Permanent Location Current Location Shelving location Date acquired Source of acquisition Cost, normal purchase price Total Checkouts Full call number Barcode Date last seen Date last checked out Price effective from Koha item type
          Central Library (CL) Central Library (CL) General Stacks 04/27/2014 Grace Books 2580.86 2 371.3344678 CON SEECS013176 08/08/2016 03/10/2015 04/27/2014 Book
© 2023 Central Library, National University of Sciences and Technology. All Rights Reserved.